000 00811nam a2200241Ia 4500
005 20250117103438.0
008 008 250103s9999 xx 000 0 eng d
020 _a9780128054291
037 _aTextbook
040 _aCSL
_beng
_cCSL
041 _aeng
_2eng
084 _aY:450bL82:f Q8
_qCSL
100 _aLatham, Krista
_9731095
245 0 _aNew perspectives in forensic human skeletal identification
_cLatham, Krista; Bartelink, Eric
260 _aLondon
_bAcademic Press
_c2018
300 _axvii,356p. Col.ill.
650 _a Fullskrlrton stature estimation
_9733104
650 _a Human Skeletal variation and forensic anthropology
_9733105
650 _aAnthropology
700 _a Bartelink, Eric
_9731097
942 _cTB
_hY:450bL82:f Q8
999 _c1237411
_d1237411